| 000 | 00988nam a22003017a 4500 | ||
|---|---|---|---|
| 999 |
_c16932 _d16932 |
||
| 003 | EG-ScBUE | ||
| 005 | 20201101100245.0 | ||
| 008 | 120808t2005 nyu f 000 d eng d | ||
| 020 | _a0451218590 | ||
| 020 | _a9780451218599 | ||
| 040 |
_aEG-ScBUE _beng _erda _cEG-ScBUE _dEG-ScBUE |
||
| 082 | 0 | 4 |
_a812.54 _bALB _222 |
| 100 | 1 |
_930654 _aAlbee, Edward, _d1928- _eauthor. |
|
| 245 |
_aWho’s afraid of Virginia Woolf? : _ba play / _cby Edward Albee. |
||
| 264 | 1 |
_aNew York : _bNew American Library, _c[2005] |
|
| 264 | 4 | _cc2005 | |
| 300 |
_a257 pages ; _c21 cm |
||
| 336 |
_2rdacontent _atext _btxt |
||
| 337 |
_2rdamedia _aunmediated _bn |
||
| 338 |
_2rdacarrier _avolume _bnc |
||
| 500 | _aRevised by the author for the 2005 Broadway revival. | ||
| 650 | 7 |
_aAmerican drama. _2BUEsh _930817 |
|
| 650 | 7 |
_aMarried people _vDrama. _2BUEsh _930428 |
|
| 650 | 7 |
_aCollege teachers _vDrama. _2BUEsh _930818 |
|
| 653 |
_cAugust2012 _bHHUUEENN |
||
| 655 |
_vReading book _934232 |
||
| 942 |
_2ddc _cBB |
||